مرض الشلل الدماغي : (رقم التسجيلة. 144516)

تفاصيل مارك
000 -LEADER
fixed length control field 00550nam a22001697a 4500
005 - DATE AND TIME OF LATEST TRANSACTION
control field 20251108175856.0
008 - FIXED-LENGTH DATA ELEMENTS--GENERAL INFORMATION
fixed length control field 250721s2020 xx 000 0 ara d
082 14 - DEWEY DECIMAL CLASSIFICATION NUMBER
Classification number 615.8/بطو
100 1# - MAIN ENTRY--PERSONAL NAME
Personal name بطوطه، ضاري
245 10 - TITLE STATEMENT
Title مرض الشلل الدماغي :
Remainder of title العلاج بالتمارين العلاجية الرياضية /
264 1# - PRODUCTION, PUBLICATION, DISTRIBUTION, MANUFACTURE, AND COPYRIGHT NOTICE
Place of production, publication, distribution, manufacture بغداد :
Name of producer, publisher, distributor, manufacturer مكتبة دجله،
Date of production, publication, distribution, manufacture, or copyright notice 2020.
300 ## - PHYSICAL DESCRIPTION
Extent 173ص.
650 17 - SUBJECT ADDED ENTRY--TOPICAL TERM
Topical term or geographic name as entry element العلاج الطبيعي
650 17 - SUBJECT ADDED ENTRY--TOPICAL TERM
Topical term or geographic name as entry element مرض الشلل الدماغي
942 ## - ADDED ENTRY ELEMENTS (KOHA)
Source of classification or shelving scheme Dewey Decimal Classification
Koha item type كتب
المقتنيات
حالة السحب حالة الفقدان مصدر التصنيف حالة التلف غير قابل للإعارة المكتبة الرئيسية المكتبة الحالية موقع الرف تاريخ التزويد الرقم المتسلسل Total Checkouts رقم الإستدعاء الباركود تاريخ آخر ظهور تاريخ الفاتورة نوع المادة (كوها)
    Dewey Decimal Classification     المكتبة المركزية المكتبة المركزية الإعارة 28/07/2025 1777055   615.8/بطو PLD00503368 28/07/2025 28/07/2025 كتب
    Dewey Decimal Classification     مكتبة الأميرة ايمان العامة مكتبة الأميرة ايمان العامة الإعارة 18/05/2023 1777056   615.8/بطو PLD00503486 28/07/2025 18/05/2023 كتب
    Dewey Decimal Classification     مكتبة صويلح العامة مكتبة صويلح العامة الإعارة 18/05/2023 1777058   615.8/بطو PLD00503488 28/07/2025 18/05/2023 كتب
    Dewey Decimal Classification     مكتبة وادي السير العامة مكتبة وادي السير العامة الإعارة 18/05/2023 1777057   615.8/بطو PLD00503487 28/07/2025 18/05/2023 كتب
Implemented & Customized by: BBB with SCIT (Smart Chains for Information Technology)

Powered by Koha